Vrai ou Faux - Luffy One Piece - Statistiques

Statistiques générales
  • Ce quiz a été pris 301 fois
  • Le résultat moyen est 13 sur 15
Statistiques - réponses
Question Réponse % Correct
Luffy est originaire de l'île de Skypiea. Faux
98%
Luffy est le fils du célèbre pirate Shanks. Faux
98%
Luffy a été entraîné par Rayleigh après la bataille de Marineford. Vrai
98%
Luffy a perdu son frère Ace à Marineford. Vrai
98%
Luffy a sauvé Nami de l'emprise d'Arlong. Vrai
98%
Luffy a deux frères biologiques. Faux
97%
Luffy est capable d'utiliser les trois types de Haki. Vrai
97%
Luffy a vaincu Kaido en un contre un lors de leur première rencontre. Faux
94%
Luffy est le plus jeune membre de son équipage. Faux
85%
Luffy a mangé le Fruit du Démon appelé Gomu Gomu no Mi au début du manga. Vrai
84%
Luffy est le champion d'un jeu télévisé sur East Blue. Faux
81%
Luffy a le pouvoir de commander les Rois des Mers. Faux
81%
Luffy est immunisé contre toutes les attaques tranchantes grâce à ses pouvoirs. Faux
81%
Luffy a utilisé le Gear Fourth pour la première fois contre Doflamingo. Vrai
80%
Luffy a obtenu son premier avis de recherche après avoir vaincu Buggy le Clown. Faux
75%
Aucun quiz correspondant
Distribution des résultats
% des personnes avec chaque résultat
Percentile par nombre de réponses
Votre historique - résultats
Vous n’avez pas pris ce quiz